000 00307nam a22001337a 4500
008 171020b xxu||||| |||| 00| 0 eng d
020 _a9780932238498
041 _aeng
080 _a338
100 _a54
101 _aMEN
245 _aLEAD FOLLOE OR GET OUT THE WAY
_cLUNDY.J.L
942 _2udc
_cBK
999 _c35032
_d35032